Historia de América desde los tiempos más remotos hasta nuestros días / (Record no. 31000)

MARC details
000 -LEADER
campo de control de longitud fija 01063nam a2200277 i 4500
001 - NÚMERO DE CONTROL
campo de control 31000
003 - IDENTIFICADOR DE NÚMERO DE CONTROL
campo de control ES-MaACL
005 - FECHA Y HORA DE LA ÚLTIMA TRANSACCIÓN
campo de control 20230906154306.0
007 - CAMPO FIJO DE DESCRIPCIÓN FÍSICA--INFORMACIÓN GENERAL
campo de control de longitud fija t|
008 - DATOS DE LONGITUD FIJA--INFORMACIÓN GENERAL
campo de control de longitud fija 030128s1844 sp ||||1| spa d
080 ## - NÚMERO DE LA CLASIFICACIÓN DECIMAL UNIVERSAL
Número de la Clasificación Decimal Universal 908(9)
080 ## - NÚMERO DE LA CLASIFICACIÓN DECIMAL UNIVERSAL
Número de la Clasificación Decimal Universal 94(7/8)
100 1# - ENTRADA PRINCIPAL--NOMBRE DE PERSONA
Nombre de persona Belloc, Hippolyte.
9 (RLIN) 125899
245 10 - MENCIÓN DEL TÍTULO
Título Historia de América desde los tiempos más remotos hasta nuestros días /
Mención de responsabilidad, etc. Belloc ; traducida por Juan Cortada.
260 ## - PUBLICACIÓN, DISTRIBUCIÓN, ETC.
Lugar de publicación, distribución, etc. Barcelona :
Nombre del editor, distribuidor, etc. [s.n.],
Fecha de publicación, distribución, etc. 1844 (
Fabricante Imp.de A. Brusi)
300 ## - DESCRIPCIÓN FÍSICA
Extensión 2 v. :
Otras características físicas il., mapas ;
Dimensiones 22 cm.
490 1# - MENCIÓN DE SERIE
Mención de serie El Mundo: historia de todos los pueblos ;
Designación de volumen o secuencia 14-15
530 ## - NOTA DISPONIBLE DE FORMULARIO FÍSICO ADICIONAL
Nota de formato físico adicional disponible Disponible también en sitio web.
651 #4 - PUNTO DE ACCESO ADICIONAL DE MATERIA--NOMBRE GEOGRÁFICO
Nombre geográfico América-
Subdivisión general Historia.
9 (RLIN) 7703
651 #4 - PUNTO DE ACCESO ADICIONAL DE MATERIA--NOMBRE GEOGRÁFICO
Nombre geográfico Oceanía-
Subdivisión general Descripción.
9 (RLIN) 149954
700 1# - ENTRADA AGREGADA--NOMBRE PERSONAL
Nombre de persona Cortada, Juan (
Fechas asociadas al nombre 1805-1868)
9 (RLIN) 149955
830 0# - PUNTO DE ACCESO ADICIONAL DE SERIE-TÍTULO UNIFORME
Título uniforme El Mundo: historia de todos los pueblos ;
Designación de volumen o secuencia 14-15
9 (RLIN) 182426
852 ## - LOCALIZACIÓN
Ubicación ES-MaACL
Número de control de estantería D-4100-1
856 ## - LOCALIZACIÓN Y ACCESO ELECTRÓNICOS
Identificador Uniforme de Recursos <a href="http://bibliotecadigitalhispanica.bne.es:80/webclient/DeliveryManager?pid=2139061&custom_att_2=simple_viewer">http://bibliotecadigitalhispanica.bne.es:80/webclient/DeliveryManager?pid=2139061&custom_att_2=simple_viewer</a>
Nota pública Ir a la página
Holdings
Estatus retirado Estado de pérdida Estado de daño No para préstamo Colección Biblioteca de origen Biblioteca actual Ubicación en estantería Fecha de adquisición Fuente de adquisición Total de préstamos Signatura topográfica completa Código de barras Visto por última vez Precio de reemplazo Tipo de ítem Koha
        Colección digital Biblioteca del Ateneo de Madrid Biblioteca del Ateneo de Madrid Sala Valle Inclán 17/01/2008     D-4100-1 901032025 23/02/2023 23/02/2023 Libro impreso antiguo